Dictionnaire de la désinformation (notice n° 1566225)
[ vue normale ]
| 000 -LEADER | |
|---|---|
| fixed length control field | 01301cam a2200133 4500500 |
| 005 - DATE AND TIME OF LATEST TRANSACTION | |
| control field | 20251214001512.0 |
| 041 ## - LANGUAGE CODE | |
| Language code of text/sound track or separate title | fre |
| 042 ## - AUTHENTICATION CODE | |
| Authentication code | dc |
| 100 10 - MAIN ENTRY--PERSONAL NAME | |
| Personal name | Géré, François |
| Relator term | author |
| 245 00 - TITLE STATEMENT | |
| Title | Dictionnaire de la désinformation |
| 260 ## - PUBLICATION, DISTRIBUTION, ETC. | |
| Name of publisher, distributor, etc. | Armand Colin,<br/> |
| Date of publication, distribution, etc. | 2011.<br/> |
| 520 ## - SUMMARY, ETC. | |
| Summary, etc. | Désinformation. Le mot sent le soufre, attisant tous les fantasmes, des plus archaïques aux plus contemporains. En une vingtaine d’années, l’usage de ce terme qui jusqu’alors se limitait aux spécialistes du renseignement et de la propagande a connu un développement exceptionnel lié aux médias de masse puis aux nouveaux vecteurs de communication (Internet, Facebook, etc.). Il est désormais courant d’invoquer la désinformation pour s’en déclarer victime et rejeter sur l’adversaire la responsabilité d’une manœuvre occulte, par définition invérifiable, sauf accident. Dans tous les domaines stratégiques (politiques, militaires, économiques) la désinformation s’est insinuée, troublant l’esprit public, sapant les bases de la démocratie qui, pour survivre, doit rapidement réaffirmer et consolider le rôle de l’information et la valeur du savoir. |
| 856 41 - ELECTRONIC LOCATION AND ACCESS | |
| Uniform Resource Identifier | <a href="https://shs.cairn.info/dictionnaire-de-la-desinformation--9782200257729?lang=fr&redirect-ssocas=7080">https://shs.cairn.info/dictionnaire-de-la-desinformation--9782200257729?lang=fr&redirect-ssocas=7080</a> |
Pas d'exemplaire disponible.




Réseaux sociaux